Представление документа в формате RUSMARC

ПолеНазваниеЗначение
  Тип записи a
  Библиографический уровень m
001 Контрольный номер a667e3ab6c9244689dfd5eaa0bb27216
005 Дата корректировки 20160921095218.3
010 Индекс ISBN __
a ISBN 978-5-406-00903-1
200 Заглавие и сведения об ответственности 1_
a Заглавие Управление персоналом организации
b Общее обозначение материала Текст
e Сведения, относящиеся к заглавию учебник
210 Выходные данные 1_
a Место издания М.
c Издательство КноРус
d Дата издания 2011
215 Физическое описание __
a Объем 536 с.
330 Аннотация __
a Аннотация важнейшие вопросы теории и практики управления персоналом организации рассматриваются с точки зрения целей организа и направлений ее развития.
606 Тематические рубрики __
a Основная рубрика Менеджмент
610 Ключевые слова 0_
a Ключевые слова формирование персонала организации
a Ключевые слова использование персонала организации
a Ключевые слова методы управления персоналом
a Ключевые слова развитие персонала организации
a Ключевые слова трудовой потенциал организации
a Ключевые слова оценка персонала
a Ключевые слова обучение персонала
686 Индексы других классификаций __
a Классификационный индекс 65.291.6-21
2 Код системы rubbk
700 Автор _1
a Фамилия Федорова
b Имя Н. В.
701 Альтернативная интеллектуальная ответственность _1
a Фамилия Минченкова
b Имя О. Ю.
852 Данные о местонахождении __
i Авторский знак Ф 33
j Шифр хранения 65.291.6-21
938 Служебная информация __
a Название организации Волгоградский филиал
b Имя БД Каталог_ВКИ
c Название АИБС АИБС МАРК-SQL
952 Тип литературы __
b Гриф литературы для ВШ гриф УМО
c Вид литературы учебник